Stadionnamen der 18 Bundesligisten - Statistiken

Allgemein
  • Dieses Quiz wurde 173 mal gespielt
    75 seit der letzten Aktualisierung
  • Das Durchschnittsergebnis liegt bei 8 aus 18
Antwortstatistiken
Verein Stadionname % Korrekt
Bayern München Allianz Arena
97%
Dortmund Signal Iduna Park
97%
RB Leipzig Red Bull Arena
82%
Bayer Leverkusen BayArena
76%
VfL Wolfsburg Volkswagen Arena
60%
Eintracht Frankfurt Deutsche Bank Park
57%
1. FC Köln RheinEnergieStadion
57%
SC Freiburg Europa-Park Stadion
49%
Mainz 05 Mewa Arena
45%
FC Augsburg WWK Arena
40%
TSG Hoffenheim PreZero Arena
34%
Union Berlin An der Alten Försterei
33%
VfB Stuttgart MHPArena
30%
VfL Bochum Vonovia Ruhrstadion
27%
1. FC Heidenheim Voith-Arena
21%
Werder Bremen wohninvest Weserstadion
21%
SV Darmstadt 98 Merck-Stadion am Böllenfalltor
10%
M´gladbach Stadion im Borussia-Park
9%
Keine übereinstimmenden Quizze gefunden
Verteilung der Resultate
Anzahl Personen mit jedem Resultat
Perzentil nach korrekt beantworteten Fragen
Ihre Resultats-Entwicklung
Sie haben dieses Quiz seit der letzten Aktualisierung nicht gespielt